| 000 -LEADER |
| fixed length control field |
01352cam a2200349 a 4500 |
| 001 - CONTROL NUMBER |
| control field |
1105313 |
| 005 - DATE AND TIME OF LATEST TRANSACTION |
| control field |
20200702131933.0 |
| 008 - FIXED-LENGTH DATA ELEMENTS--GENERAL INFORMATION |
| fixed length control field |
930608r19941973nyua b 001 0 eng |
| 010 ## - LIBRARY OF CONGRESS CONTROL NUMBER |
| LC control number |
93005255 |
| 020 ## - INTERNATIONAL STANDARD BOOK NUMBER |
| International Standard Book Number |
0387941266 (New York : alk. paper) |
| 020 ## - INTERNATIONAL STANDARD BOOK NUMBER |
| International Standard Book Number |
3540941266 (Berlin : alk. paper) |
| 040 ## - CATALOGING SOURCE |
| Original cataloging agency |
DLC |
| Transcribing agency |
DLC |
| Modifying agency |
DLC |
| 041 ## - LANGUAGE CODE |
| Language code of text/sound track or separate title |
eng |
| 050 00 - LIBRARY OF CONGRESS CALL NUMBER |
| Classification number |
QA612.3 |
| Item number |
.V53 1994 |
| 080 ## - UNIVERSAL DECIMAL CLASSIFICATION NUMBER |
| Universal Decimal Classification number |
515.1+512 V-59 |
| 082 00 - DEWEY DECIMAL CLASSIFICATION NUMBER |
| Classification number |
514/.23 |
| Edition number |
20 |
| 100 1# - MAIN ENTRY--PERSONAL NAME |
| Personal name |
Vick, James W. |
| 9 (RLIN) |
9000 |
| 245 10 - TITLE STATEMENT |
| Title |
Homology theory : |
| Remainder of title |
an introduction to algebraic topology / |
| Statement of responsibility, etc. |
James W. Vick. |
| 250 ## - EDITION STATEMENT |
| Edition statement |
2nd ed. |
| 260 ## - PUBLICATION, DISTRIBUTION, ETC. |
| Place of publication, distribution, etc. |
New York : |
| Name of publisher, distributor, etc. |
Springer-Verlag, |
| Date of publication, distribution, etc. |
c1994. |
| 300 ## - PHYSICAL DESCRIPTION |
| Extent |
xiv, 242 p. : |
| Other physical details |
ill. ; |
| Dimensions |
25 cm. |
| 440 #0 - SERIES STATEMENT/ADDED ENTRY--TITLE |
| Title |
Graduate texts in mathematics ; |
| Volume/sequential designation |
145 |
| 9 (RLIN) |
9001 |
| 500 ## - GENERAL NOTE |
| General note |
Originally published: New York : Academic Press, c1973. (Pure and applied mathematics ; v. 53). |
| 504 ## - BIBLIOGRAPHY, ETC. NOTE |
| Bibliography, etc. note |
Includes bibliographical references (p. 229-238) and index. |
| 650 #0 - SUBJECT ADDED ENTRY--TOPICAL TERM |
| Topical term or geographic name entry element |
Homology theory. |
| 9 (RLIN) |
9002 |
| 653 ## - INDEX TERM--UNCONTROLLED |
| keyword |
ალგებრა |
| 653 ## - INDEX TERM--UNCONTROLLED |
| keyword |
ტოპოლოგია |
| 856 42 - ELECTRONIC LOCATION AND ACCESS |
| Materials specified |
Publisher description |
| Uniform Resource Identifier |
http://www.loc.gov/catdir/enhancements/fy0815/93005255-d.html |
| 906 ## - LOCAL DATA ELEMENT F, LDF (RLIN) |
| a |
7 |
| b |
cbc |
| c |
orignew |
| d |
1 |
| e |
ocip |
| f |
19 |
| g |
y-gencatlg |
| 942 ## - ADDED ENTRY ELEMENTS (KOHA) |
| Source of classification or shelving scheme |
|
| Koha item type |
წიგნი |